| 000 | 00771nam a2200277Ia 4500 | ||
|---|---|---|---|
| 008 | 160803s9999 xx 000 0 und d | ||
| 020 | _a978-0545331326 | ||
| 100 | _aStilton, Geronimo | ||
| 245 | _aRun for the hills, Geronimo / | ||
| 245 | _cGeronimo Stilton ; translated by Julia Heim. | ||
| 260 | _aNew York : | ||
| 260 | _bScholastic Inc. | ||
| 260 | _c2009 | ||
| 300 | _a108 pages : | ||
| 300 | _bcolor illustrations ; | ||
| 300 | _c20 cm. | ||
| 440 | _aGeronimo Stilton ; | ||
| 440 | _vbk. 47 | ||
| 650 | _aComic books, strips, etc. | ||
| 650 | _aMice -- | ||
| 650 | _aStilton, Geronimo (Fictitious character) -- | ||
| 650 | _xJuvenile fiction. | ||
| 650 | _xJuvenile fiction. | ||
| 700 | _a610 | ||
| 700 | _aHeim, Julia., Added author | ||
| 999 |
_c298233 _d298233 |
||